¡A las armas! : (Record no. 155844)
[ view plain ]
| 000 -LEADER | |
|---|---|
| fixed length control field | 00988nam a22002177a 4500 |
| 005 - DATE AND TIME OF LATEST TRANSACTION | |
| control field | 20210525093845.0 |
| 008 - FIXED-LENGTH DATA ELEMENTS--GENERAL INFORMATION | |
| fixed length control field | 210525b sp ||||| |||| 00| 0 spa d |
| 020 ## - INTERNATIONAL STANDARD BOOK NUMBER | |
| International Standard Book Number | 9788491235101 |
| 050 04 - LIBRARY OF CONGRESS CALL NUMBER | |
| Classification number | F1227.5 |
| Item number | S47 2018 |
| 100 1# - MAIN ENTRY--PERSONAL NAME | |
| Personal name | Serrano, José Antonio |
| 245 11 - TITLE STATEMENT | |
| Title | ¡A las armas! : |
| Remainder of title | milicia cívica, revolución liberal y federalismo en México (1812-1846) / |
| Statement of responsibility, etc | José Antonio Serrano, Manuel Chust |
| 246 30 - VARYING FORM OF TITLE | |
| Title proper/short title | Milicia cívica, revolución liberal y federalismo en México (1812-1846) |
| 260 ## - PUBLICATION, DISTRIBUTION, ETC. (IMPRINT) | |
| Place of publication, distribution, etc | Madrid : |
| Name of publisher, distributor, etc | Marcial Pons : |
| -- | [Michoacán] : Universidad Michoacana de San Nicolás de Hidalgo, Instituto de Investigaciones Históricas, |
| Date of publication, distribution, etc | 2018 |
| 300 ## - PHYSICAL DESCRIPTION | |
| Extent | 173 páginas ; |
| Dimensions | 24 cm |
| 490 ## - SERIES STATEMENT | |
| Series statement | Historia contemporánea de América |
| 651 #7 - SUBJECT ADDED ENTRY--GEOGRAPHIC NAME | |
| Source of heading or term | lemb |
| Geographic name | México |
| General subdivision | Historia militar |
| Chronological subdivision | Siglo XIX |
| 651 #7 - SUBJECT ADDED ENTRY--GEOGRAPHIC NAME | |
| Source of heading or term | lemb |
| Geographic name | México |
| General subdivision | Historia |
| Chronological subdivision | Guerra de Independencia, 1810-1821 |
| 651 #7 - SUBJECT ADDED ENTRY--GEOGRAPHIC NAME | |
| Source of heading or term | lemb |
| Geographic name | México |
| General subdivision | Historia |
| Chronological subdivision | 1821-1861 |
| 700 1# - ADDED ENTRY--PERSONAL NAME | |
| Personal name | Chust Calero, Manuel, |
| Relator term | autor |
| 942 ## - ADDED ENTRY ELEMENTS (KOHA) | |
| Source of classification or shelving scheme | Biblioteca del Cogreso de los Estados Unidos |
| Koha item type | Libro |
| Estado de pérdida | Fuente de clasificación | Estado del daño | No para préstamo | Ubicación permanente | Ubicación actual | Apartado o colección | Fecha de adquisición | Edición | Dependencia de educación superior (DES) | Área del conocimiento | Clasificación | Código de Barras | Date last seen | Número de copia | Costo por reposición | Tipo de recurso |
|---|---|---|---|---|---|---|---|---|---|---|---|---|---|---|---|---|
| Biblioteca del Cogreso de los Estados Unidos | Biblioteca del Instituto de Investigaciones Históricas | Biblioteca del Instituto de Investigaciones Históricas | Consulta | 25/05/2021 | 1a ed. | Humanidades | Ciencias Sociales y Administrativas | F1227.5 S47 2018 | IIH000031060 | 25/05/2021 | C:1 | 1.00 | Libro |